<?xml version="1.0" encoding="UTF-8"?>
<marc:record xmlns:marc="http://www.loc.gov/MARC21/slim">
   <marc:leader>00000nam a2200000 a 4500</marc:leader>
   <marc:datafield ind1="1" ind2=" " tag="100">
      <marc:subfield code="a">Plooij, Frans X.</marc:subfield>
      <marc:subfield code="4">aut</marc:subfield>
      <marc:subfield code="e">Verfasser/-in</marc:subfield>
   </marc:datafield>
   <marc:datafield ind1="0" ind2="0" tag="245">
      <marc:subfield code="a">Oje, ich wachse!</marc:subfield>
   </marc:datafield>
   <marc:datafield ind1="0" ind2="0" tag="245">
      <marc:subfield code="b">Das Praxisbuch</marc:subfield>
   </marc:datafield>
   <marc:datafield ind1=" " ind2="1" tag="264">
      <marc:subfield code="b">Goldmann</marc:subfield>
      <marc:subfield code="c">2017</marc:subfield>
   </marc:datafield>
   <marc:datafield ind1="1" ind2=" " tag="520">
      <marc:subfield code="a">Im ersten Lebensjahr machen Babys eine rasante Entwicklung durch. Sie lernen Sinneseindrücke zu verarbeiten und entdecken die Welt immer wieder neu. Mit seinem Praxisbuch hilft Dr. Frans X. Plooij Eltern dabei, die Entwicklung ihres Babys zu begleiten und seine einzigartige Persönlichkeit zu entdecken. Sie finden heraus, welches Spielzeug und welche Beschäftigungen dem Baby in welcher Phase besonders viel Spaß machen und wie sie seine Fortschritte unterstützen können. [Klappentext]</marc:subfield>
   </marc:datafield>
   <marc:datafield ind1=" " ind2=" " tag="020">
      <marc:subfield code="a">9783442176878</marc:subfield>
      <marc:subfield code="9">9783442176878</marc:subfield>
   </marc:datafield>
</marc:record>
